00235nam a2200097 a 4500001000500000005001700005008004100022050002300063100001900086245003200105414020140414131957.0090218s19uu xx 00 eng d aTR 595.7bV46 2003 aVaughan, Jenny aWhy don't worms have legs?.